[Event "GEO-chT"]
[Site "Ureki"]
[Date "2015.10.09"]
[Round "5.3"]
[White "Mgeladze, Tamaz"]
[Black "Chkhikvishvili, Mindia"]
[Result "1-0"]
[WhiteElo "2339"]
[BlackElo "2057"]
[PlyCount "104"]
[EventDate "2015.10.05"]
[EventType "team-tourn"]
[EventRounds "7"]
[EventCountry "GEO"]
[SourceTitle "CBM 168 Extra"]
[Source "ChessBase"]
[SourceDate "2015.10.29"]
[SourceVersion "1"]
[SourceVersionDate "2015.10.29"]
[SourceQuality "1"]
[WhiteTeam "Rustavi"]
[BlackTeam "Guria"]
[WhiteTeamCountry "GEO"]
[BlackTeamCountry "GEO"]

1. c4 e5 2. g3 Nf6 3. Bg2 d6 4. Nc3 g6 5. Nf3 Bg7 6. 0-0 0-0 7. d3 c6 8. c5 Re8 9. cxd6 Qxd6 10. Be3 Na6 11. Rc1 Nd5 12. Bd2 Nxc3 13. Bxc3 Nc7 14. Qb3 Nd5 15. Bd2 h6 16. Rfd1 Qe7 17. e4 Nb6 18. Bb4 Qf6 19. d4 exd4 20. Nxd4 Be6 21. Nxe6 Qxe6 22. Qxe6 fxe6 23. b3 Rad8 24. Bc5 Nc8 25. Be3 Kf7 26. Kf1 Rxd1+ 27. Rxd1 b6 28. b4 Re7 29. Bh3 Rc7 30. Bf4 e5 31. Be3 Ke7 32. a4 Nd6 33. f3 Nc4 34. Bc1 Nd6 35. Ke2 c5 36. bxc5 bxc5 37. Rd5 Nc4 38. Rd3 Rb7 39. Bc8 Rc7 40. Ba6 Nb6 41. a5 Nd7 42. Ba3 Nf8 43. Rd5 Ne6 44. Kd3 Kf6 45. Bc4 Bf8 46. Bb2 Nd4 47. f4 exf4 48. gxf4 Rb7 49. Bxd4+ cxd4 50. Kxd4 Rb2 51. Rd7 Rxh2 52. Rc7 Bb4 1-0

[Event "GEO-chT"]
[Site "Ureki"]
[Date "2015.10.08"]
[Round "4.3"]
[White "Chkhikvishvili, Mindia"]
[Black "Sanikidze, Tornike"]
[Result "0-1"]
[WhiteElo "2057"]
[BlackElo "2527"]
[PlyCount "110"]
[EventDate "2015.10.05"]
[EventType "team-tourn"]
[EventRounds "7"]
[EventCountry "GEO"]
[SourceTitle "CBM 168 Extra"]
[Source "ChessBase"]
[SourceDate "2015.10.29"]
[SourceVersion "1"]
[SourceVersionDate "2015.10.29"]
[SourceQuality "1"]
[WhiteTeam "Guria"]
[BlackTeam "Kakheti"]
[WhiteTeamCountry "GEO"]
[BlackTeamCountry "GEO"]

1. e4 d6 2. d4 g6 3. Nf3 Bg7 4. Be2 c6 5. 0-0 Nd7 6. c3 Qc7 7. Be3 Ngf6 8. Qc2 0-0 9. h3 b6 10. Nbd2 Bb7 11. Rad1 a6 12. Nh2 c5 13. d5 e6 14. c4 Rfe8 15. Rfe1 b5 16. b3 b4 17. Bf1 a5 18. f4 exd5 19. exd5 a4 20. Bf2 Reb8 21. Nhf3 Nf8 22. Bh4 Bc8 23. Ne4 Nxe4 24. Qxe4 axb3 25. axb3 Ra3 26. Qe7 Qxe7 27. Bxe7 Rb6 28. Bh4 Rxb3 29. Nd2 Bd4+ 30. Kh1 Re3 31. Ne4 f5 32. Rxe3 Bxe3 33. Nf6+ Kf7 34. Re1 Bxf4 35. Nxh7 Be5 36. Ng5+ Kg7 37. Nf3 Nd7 38. Bf2 Ra6 39. Rb1 Ra2 40. Bh4 Kf8 41. Bd3 Ba6 42. Ng5 Nb6 43. Ne6+ Kg8 44. Re1 Bc3 45. Re3 Nxc4 46. Bxc4 Bxc4 47. Nxc5 dxc5 48. Re8+ Kg7 49. Re7+ Kh6 50. d6 Bd5 51. d7 Bxg2+ 52. Kh2 Bc6+ 53. Kg1 Bd4+ 54. Kf1 Bb5+ 55. Ke1 Bc3+ 0-1

[Event "GEO-chT Club"]
[Site "Ureki"]
[Date "2014.10.01"]
[Round "5.4"]
[White "Chkhikvishvili, Mindia"]
[Black "Patsia, Zviad"]
[Result "1-0"]
[WhiteElo "2050"]
[BlackElo "2119"]
[PlyCount "89"]
[EventDate "2014.09.27"]
[EventType "team-tourn"]
[EventRounds "7"]
[EventCountry "GEO"]
[SourceTitle "CBM 162 Extra"]
[Source "ChessBase"]
[SourceDate "2014.10.17"]
[SourceVersion "1"]
[SourceVersionDate "2014.10.17"]
[SourceQuality "1"]
[WhiteTeam "Guria"]
[BlackTeam "Samegrelo"]
[WhiteTeamCountry "GEO"]
[BlackTeamCountry "GEO"]

1. e4 Nf6 2. d3 e5 3. f4 d5 4. fxe5 Ng4 5. exd5 Qxd5 6. Nf3 Nxe5 7. Nxe5 Qxe5+ 8. Qe2 Bd6 9. d4 Qxe2+ 10. Bxe2 Nc6 11. c3 0-0 12. 0-0 Be6 13. Nd2 Rfe8 14. Bf3 Rad8 15. b3 Bf4 16. Ne4 Bxc1 17. Raxc1 Bd5 18. Rce1 b6 19. Nf6+ gxf6 20. Rxe8+ Rxe8 21. Bxd5 Ne7 22. Bc4 Kg7 23. Re1 Kf8 24. Rf1 Kg7 25. Re1 Kf8 26. Kf2 Ng6 27. Rxe8+ Kxe8 28. Kg3 Ke7 29. Kg4 f5+ 30. Kg5 f6+ 31. Kh6 Nh4 32. g3 Nf3 33. h4 f4 34. Bd5 Ng1 35. gxf4 Ne2 36. f5 Nxc3 37. Be6 Ne2 38. Kxh7 Nxd4 39. Kg6 Ne2 40. Bc4 Nf4+ 41. Kg7 c5 42. Bf7 Ng2 43. h5 Ne3 44. Be6 Ng4 45. h6 1-0

[Event "Tbilisi Cup"]
[Site "Tbilisi"]
[Date "2010.05.18"]
[Round "4"]
[White "Chkhikvishvili, Mindia"]
[Black "Purtseladze, Maka"]
[Result "0-1"]
[WhiteElo "2068"]
[BlackElo "2317"]
[PlyCount "64"]
[EventDate "2010.05.15"]
[EventType "swiss"]
[EventRounds "9"]
[EventCountry "GEO"]
[SourceTitle "CBM 136 Extra"]
[Source "ChessBase"]
[SourceDate "2010.07.02"]
[SourceVersion "2"]
[SourceVersionDate "2010.07.15"]
[SourceQuality "1"]

1. e4 c6 2. c4 d5 3. exd5 cxd5 4. cxd5 Nf6 5. Nc3 Nxd5 6. d4 Nxc3 7. bxc3 g6 8. Nf3 Bg7 9. Bb5+ Nd7 10. 0-0 0-0 11. Rb1 Qc7 12. Ba3 Nb6 13. Re1 Bf6 14. Bc5 Nd5 15. Qb3 Rd8 16. Ne5 b6 17. Nc6 Bf5 18. Ba3 Bxb1 19. Rxb1 Rd7 20. Nb4 Nxc3 21. Na6 Qd8 22. Qxc3 Rxd4 23. Qf3 Rc8 24. Nb4 Rc3 25. Qxc3 Rd1+ 26. Qe1 Rxe1+ 27. Rxe1 Qd2 28. Rf1 Bb2 29. Nc2 Bxa3 30. Ne3 Bc5 31. Nc4 Qb4 32. Ba6 Qa4 0-1

[Event "Tbilisi Cup"]
[Site "Tbilisi"]
[Date "2010.05.16"]
[Round "2"]
[White "Chkhikvishvili, Mindia"]
[Black "Chigladze, Iveri"]
[Result "0-1"]
[WhiteElo "2068"]
[BlackElo "2386"]
[PlyCount "52"]
[EventDate "2010.05.15"]
[EventType "swiss"]
[EventRounds "9"]
[EventCountry "GEO"]
[SourceTitle "CBM 136 Extra"]
[Source "ChessBase"]
[SourceDate "2010.07.02"]
[SourceVersion "2"]
[SourceVersionDate "2010.07.15"]
[SourceQuality "1"]

1. e4 Nf6 2. e5 Nd5 3. c4 Nb6 4. d4 d6 5. f4 dxe5 6. fxe5 Nc6 7. Be3 Bf5 8. Nf3 e6 9. Nc3 Qd7 10. Be2 0-0-0 11. 0-0 Bg4 12. c5 Nd5 13. Bf2 Be7 14. Qa4 f6 15. Nxd5 Qxd5 16. b4 fxe5 17. b5 Bxf3 18. Bxf3 e4 19. bxc6 exf3 20. cxb7+ Kb8 21. Rab1 fxg2 22. Rfe1 Rhf8 23. Rb3 Rxf2 24. Kxf2 Bh4+ 25. Rg3 Bxg3+ 26. hxg3 Rf8+ 0-1